000 00679cab a2200253 4500
001 X2343
008 090401t1995 xxu||||| |||| 00| 0 eng d
035 _a(Sirsi) u23502
041 _aeng
245 _aColumn : standards and practice
260 _c1995
350 _a0
490 _aCSM (Chartered Surveyor Monthly)
_v4(7) May 1995, 29(1)
650 _aCONSUMER CONTRACTS
650 _aDTI
650 _aEC DIRECTIVE
650 _aPROFESSIONAL SERVICES
650 _aREGULATIONS
650 _aUNFAIR TERMS IN CONSUMER CONTRACTS
650 _aUNFAIR TERMS
690 _aMANAGEMENT-BUSINESS MANAGEMENT-PROFESSIONAL PRACTICE
942 _n0
948 _c04/03/1997
999 _c15707
_d15707